[Event "Hessen-ch"]
[Site "Baunatal"]
[Date "1999.03.28"]
[Round "5"]
[White "Huss, Rolf"]
[Black "Kersten, Uwe"]
[Result "0-1"]
[WhiteElo "2216"]
[BlackElo "2383"]

1.c4 c5 2.Nc3 Nf6 3.Nf3 e6 4.d4 cxd4 5.Nxd4 a6 6.g3 Qc7 7.e4 Bb4 8.Qd3 Bxc3+
9.bxc3 d6 10.Ba3 Nbd7 11.Nb3 Nc5 12.Bxc5 dxc5 13.Bg2 e5 14.O-O Be6 15.Rfd1 Ke7
16.Qe3 b6 17.Rd5 Bxd5 18.exd5 Rae8 19.Rd1 Qd6 20.Nd2 Kf8  0-1

[Event "Czerniak mem 15th"]
[Site "Tel Aviv"]
[Date "1999.03.30"]
[Round "3"]
[White "Kanstler, Boris"]
[Black "Alterman, Boris"]
[Result "1-0"]
[WhiteElo "2539"]
[BlackElo "2616"]

1.Nf3 Nf6 2.c4 c5 3.Nc3 d5 4.cxd5 Nxd5 5.d4 Nxc3 6.bxc3 g6 7.e4 Bg7 8.Rb1 O-O
9.Be2 b6 10.O-O Bb7 11.Qd3 Ba6 12.Qe3 cxd4 13.cxd4 Qd7 14.d5 f5 15.Ba3 fxe4
16.Qxe4 Bxe2 17.Qxe2 Qxd5 18.Rfd1 Qf5 19.Bxe7 Re8 20.Ng5 Be5 21.Qc4+ Kh8
22.Rb5 Nd7 23.g4 Bxh2+ 24.Kg2  1-0

[Event "Hessen-ch"]
[Site "Baunatal"]
[Date "1999.04.01"]
[Round "9"]
[White "Heck, Norbert"]
[Black "Kersten, Uwe"]
[Result "1-0"]
[WhiteElo "2277"]
[BlackElo "2383"]

1.Nf3 c5 2.c4 Nf6 3.Nc3 b6 4.g3 Bb7 5.Bg2 e6 6.O-O d6 7.Re1 a6 8.e4 Qc7 9.d4 cxd4
10.Nxd4 Be7 11.Be3 O-O 12.Rc1 Re8 13.f4 Bf8 14.Bf2 Nbd7 15.Qe2 e5 16.Nd5 Qd8
17.fxe5 Rxe5 18.Be3 Re8 19.Nf5 Rc8 20.Qd2 Ba8 21.Bd4 h6 22.b3 Rb8 23.Qf4 Nh5
24.Nxh6+ gxh6 25.Qg4+ Qg5 26.Qxd7 Bxd5 27.cxd5 Qd2 28.Qg4+ Ng7 29.Bf6 Qxa2
30.Rc7 Qxb3 31.Qd7 Qb4 32.Qxf7+ Kh7 33.Rf1  1-0

[Event "Doeberl Cup op"]
[Site "Canberra"]
[Date "1999.04.03"]
[Round "3"]
[White "Allen, Andrew"]
[Black "Johansen, Darryl K"]
[Result "0-1"]
[WhiteElo "2261"]
[BlackElo "2490"]

1.Nf3 Nf6 2.c4 c5 3.Nc3 d5 4.cxd5 Nxd5 5.e4 Nb4 6.Bc4 Nd3+ 7.Ke2 Nf4+ 8.Kf1 Ne6
9.b4 cxb4 10.Nd5 g6 11.Bb2 Bg7 12.Qb3 Nc6 13.Bxg7 Nxg7 14.Nxb4 Nxb4 15.Qxb4 O-O
16.Ke2 Rb8 17.a4 Nh5 18.g3 h6 19.Qb3 Kg7 20.Qc3+ f6 21.Nd4 Kh7 22.Ne6 Bxe6
23.Bxe6 Ng7 24.Bd5 e6 25.Bb3 f5 26.f3 Rc8 27.Qe3 Qa5 28.Rac1 fxe4 29.Qxe4 Qa6+
30.Kf2 Qd6 31.d4 Qa3 32.Qb1 Nf5 33.Rhd1 h5 34.Rc2 Rfd8 35.Rd3 Qb4 36.Rxc8 Rxc8
37.Qd1 Qb6 38.a5 Qxa5 39.Bxe6 Rd8 40.Bxf5 Qxf5 41.d5 Rd6 42.Qd2 b6 43.Rd4 a5
44.Kg2 Qe5 45.Rd3 a4 46.Rd4 b5 47.Re4 Qxd5 48.Re7+ Kg8 49.Qe2 Qd2 50.Re8+ Kg7
51.Re7+ Kh6  0-1

[Event "Redbus KO"]
[Site "Southend"]
[Date "1999.04.05"]
[Round "4.2"]
[White "Lalic, Bogdan"]
[Black "Plaskett, Jim"]
[Result "1/2-1/2"]
[WhiteElo "2549"]
[BlackElo "2483"]

1.Nf3 c5 2.c4 Nf6 3.Nc3 e6 4.g3 Nc6 5.Bg2 d5 6.cxd5 Nxd5 7.O-O Be7 8.d4 O-O
9.Nxd5 exd5 10.dxc5 Bxc5 11.Bg5 f6 12.Bd2 Bb6 13.b4 Be6 14.b5 Ne5 15.Bc3 Nxf3+
16.Bxf3 Qd7 17.a4 Rfc8 18.Qd2 Rc4 19.Rfc1 Rac8 20.Bb2 Rxc1+ 21.Rxc1 Rxc1+
22.Bxc1  1/2-1/2

[Event "Czerniak mem 15th"]
[Site "Tel Aviv"]
[Date "1999.04.06"]
[Round "7"]
[White "Greenfeld, Alon"]
[Black "Gershon, Alik"]
[Result "1/2-1/2"]
[WhiteElo "2521"]
[BlackElo "2467"]

1.Nf3 c5 2.c4 Nf6 3.Nc3 e6 4.g3 Nc6 5.Bg2 d5 6.cxd5 exd5 7.d4 Be7 8.O-O O-O
9.Bg5 cxd4 10.Nxd4 h6 11.Bf4 Bg4 12.h3 Be6 13.Nxe6 fxe6 14.e4 d4 15.Na4 e5
16.Bd2 Kh8 17.Rc1 Rc8 18.a3 b5 19.Nc5 Bxc5 20.Rxc5 Qb6 21.b4 Nd7 22.Rc1 Qa6
23.Qh5 Qxa3 24.Bxh6 Nf6 25.Qg6 gxh6 26.Qxh6+ Kg8 27.Qg6+ Kh8 28.Qh6+ Kg8
29.Qg6+  1/2-1/2

[Event "Hampstead IM-B 5th"]
[Site "London"]
[Date "1999.04.07"]
[Round "1"]
[White "Kelly, Bryan"]
[Black "Mork, Kjell Arne"]
[Result "1-0"]
[WhiteElo "2423"]
[BlackElo "2336"]

1.Nf3 Nf6 2.c4 g6 3.Nc3 c5 4.g3 Bg7 5.Bg2 O-O 6.O-O Nc6 7.d4 d6 8.d5 Na5
9.Nd2 a6 10.Qc2 b5 11.cxb5 axb5 12.Nxb5 Ba6 13.Nc3 Nd7 14.Re1 Qc7 15.b3 Rfb8
16.Rb1 Qa7 17.Nd1 Ne5 18.Nf3 Qb6 19.Nxe5 Bxe5 20.Ne3 Bc8 21.Bd2 Qa7 22.Be4 Bg7
23.h4 Nb7 24.a4 Na5 25.Bd3 Qd7 26.Bb5 Qh3 27.Qe4 Be5 28.Qg2 Qxg2+ 29.Kxg2 Bb7
30.f3 Ba6 31.Bxa6 Rxa6 32.Bxa5 Rxa5 33.Nc4 Ra6 34.Nxe5 dxe5 35.Rec1 Ra5 36.Rc4 Kf8
37.Kf2 Ke8 38.Ke3 Kd7 39.Kd3 e6 40.dxe6+ Kxe6 41.Kc2 Rd8 42.e3 h5 43.Rd1 Rxd1
44.Kxd1 Kd6 45.Kd2 Ra7 46.Rc2 Rb7 47.Kc3 Kc6 48.Rd2 Rb8 49.e4 Rb4 50.Rd5 f6
51.Rd8 Kc7 52.Rf8 Rb6 53.Kc4 g5 54.a5 Rb4+ 55.Kxc5 Rxb3 56.a6 Ra3 57.a7  1-0

[Event "Czerniak mem 15th"]
[Site "Tel Aviv"]
[Date "1999.04.07"]
[Round "8"]
[White "Zifroni, Dov"]
[Black "Greenfeld, Alon"]
[Result "1/2-1/2"]
[WhiteElo "2501"]
[BlackElo "2521"]

1.Nf3 Nf6 2.c4 c5 3.Nc3 e6 4.g3 b6 5.Bg2 Bb7 6.O-O Be7 7.d4 cxd4 8.Qxd4 d6
9.Bg5 a6 10.Bxf6 Bxf6 11.Qf4 Bxf3 12.Bxf3  1/2-1/2

[Event "Czerniak mem 15th"]
[Site "Tel Aviv"]
[Date "1999.04.08"]
[Round "9"]
[White "Alterman, Boris"]
[Black "Gershon, Alik"]
[Result "1-0"]
[WhiteElo "2615"]
[BlackElo "2465"]

1.Nf3 Nf6 2.c4 c5 3.Nc3 e6 4.g3 Nc6 5.Bg2 d5 6.cxd5 exd5 7.d4 Be7 8.O-O O-O
9.b3 Ne4 10.Bb2 Bf6 11.Na4 Re8 12.Rc1 b6 13.Re1 Ba6 14.dxc5 Bxb2 15.Nxb2 bxc5
16.Na4 Qa5 17.Nxc5 Nc3 18.b4 Qxc5 19.bxc5 Nxd1 20.Rexd1 Bc4 21.e4 Nb4 22.exd5 Bxd5
23.a3 Na2 24.Rc2 Bb3 25.Rdd2 Bxc2 26.Rxc2 Rac8 27.Bh3 Rc7 28.c6 Rb8 29.Nd2 a5
30.Bd7 Nb4 31.axb4 Rxb4 32.Rc5 a4 33.Ra5 Kf8 34.Nf1 Ke7 35.Ne3 Rxd7 36.cxd7 Kxd7
37.Nd5 Rb7 38.Rxa4 Ke6 39.Ne3 g6 40.Kg2 Kf6 41.g4 h6 42.Kg3 Kg7 43.Ra6 Rc7
44.Rd6 Rc3 45.h4 Rb3 46.Kg2 Rb4 47.h5 Rb5 48.hxg6 fxg6 49.f4 h5 50.f5  1-0

[Event "St Petersburg-ch"]
[Site "St Petersburg"]
[Date "1999.04.09"]
[Round "4"]
[White "Popov, Valerij"]
[Black "Shaposhnikov, Evgeny"]
[Result "1/2-1/2"]
[WhiteElo "2582"]
[BlackElo "2474"]

1.c4 Nf6 2.Nc3 c5 3.Nf3 e6 4.g3 b6 5.Bg2 Bb7 6.O-O Nc6 7.b3 Be7 8.Bb2 O-O
9.e3 Rc8 10.Qe2 d5 11.d3 Qd7 12.a3 Rfd8 13.Rad1 a6 14.d4 cxd4 15.Nxd4 Nxd4
16.Rxd4 e5 17.Rd3 Qe6 18.cxd5 Nxd5 19.Qd2 Nxc3 20.Bxb7 Rxd3 21.Qxd3 Rc7 22.Bxc3 Qxb3
23.Qxa6 Rxc3 24.a4 Bf8 25.e4 Rc7 26.Bd5 Qb4 27.Qa8 Rd7 28.Rc1 Rd6 29.Kg2 Rf6
30.Rc6 Rxf2+  1/2-1/2

[Event "St Petersburg-ch"]
[Site "St Petersburg"]
[Date "1999.04.10"]
[Round "5"]
[White "Ivanov, Vladimir Ivanovich"]
[Black "Biriukov, Oleg V"]
[Result "1/2-1/2"]
[WhiteElo "2423"]
[BlackElo "2407"]

1.Nf3 Nf6 2.c4 c5 3.Nc3 d5 4.cxd5 Nxd5 5.e4 Nb4 6.d4 cxd4 7.Bb5+ N8c6 8.a3 dxc3
9.Qxd8+ Kxd8 10.axb4 cxb2 11.Bxb2 e6 12.O-O Bd7 13.Bxc6 Bxc6 14.Ne5 Ke8 15.Nxc6 bxc6
16.Ra4 f6 17.Rc1 Kd7 18.Rca1 Bd6 19.e5 Bxe5 20.Bxe5 fxe5 21.Rxa7+ Rxa7 22.Rxa7+ Kd6
23.Rxg7 h5 24.Rb7 Ra8 25.h4 Ra1+ 26.Kh2 Rb1 27.g4 hxg4 28.Kg3 Rg1+ 29.Kh2 Rb1
30.Kg3  1/2-1/2

[Event "Hampstead IM-A 5th"]
[Site "London"]
[Date "1999.04.11"]
[Round "5"]
[White "Dunnington, Angus J"]
[Black "Pribyl, Josef"]
[Result "1/2-1/2"]
[WhiteElo "2353"]
[BlackElo "2422"]

1.Nf3 Nf6 2.c4 c5 3.Nc3 d5 4.cxd5 Nxd5 5.g3 Nc6 6.Bg2 Nc7 7.O-O e5 8.d3 Be7
9.Nd2 O-O 10.Nc4 Bd7  1/2-1/2

[Event "St Petersburg-ch"]
[Site "St Petersburg"]
[Date "1999.04.12"]
[Round "7"]
[White "Novikov, Mikhail V"]
[Black "Biriukov, Oleg V"]
[Result "1-0"]
[WhiteElo "2402"]
[BlackElo "2407"]

1.Nf3 Nf6 2.c4 c5 3.Nc3 d5 4.cxd5 Nxd5 5.d4 Nxc3 6.bxc3 g6 7.e3 Bg7 8.Be2 O-O
9.O-O b6 10.a4 Nc6 11.Ba3 Bb7 12.dxc5 Bxc3 13.Rb1 Qc7 14.Qb3 Ba5 15.Rfc1 Rac8
16.cxb6 axb6 17.Bc4 h6 18.Bb2 Qd6 19.Ba1 e5 20.Rd1 Qe7 21.Rd5 Qb4 22.Qc2 Nd4
23.Rxd4  1-0

[Event "Oceanic zt"]
[Site "Gold Coast"]
[Date "1999.04.13"]
[Round "1"]
[White "Johansen, Darryl K"]
[Black "Reeves, Tristan"]
[Result "1-0"]
[WhiteElo "2490"]
[BlackElo "2245"]

1.Nf3 Nf6 2.c4 c5 3.Nc3 e6 4.g3 Nc6 5.Bg2 Be7 6.O-O O-O 7.d4 cxd4 8.Nxd4 a6
9.Bf4 Na5 10.b3 d6 11.Be3 Qc7 12.Rc1 Bd7 13.Qd2 Rac8 14.Nf3 Bc6 15.Bd4 b6
16.Nd5 exd5 17.Bxf6 dxc4 18.Bxe7 Qxe7 19.b4 Bxf3 20.Bxf3 Nc6 21.Rxc4 Ne5
22.Rf4 Rc4 23.Bd5 Rxf4 24.Qxf4 Rc8 25.Rd1 h6 26.Qe4 Ng6 27.Qxg6  1-0

[Event "Golden Cleopatra op 3rd"]
[Site "Cairo"]
[Date "1999.04.16"]
[Round "6"]
[White "Moustafa, Talaat"]
[Black "Amin, Ashraf"]
[Result "0-1"]
[WhiteElo "2265"]
[BlackElo "2253"]

1.c4 Nf6 2.Nc3 c5 3.Nf3 d5 4.cxd5 Nxd5 5.d3 Nc6 6.g3 e5 7.Bg2 Nc7 8.O-O Be7
9.Ne1 Bd7 10.Nc2 O-O 11.e4 Be6 12.f4 f6 13.Be3 Qd7 14.Qe2 Rfd8 15.f5 Bf7
16.Rfd1 b5 17.Qf2 Nd4 18.b3 a5 19.g4 a4 20.bxa4 b4 21.Nb5 Ncxb5 22.axb5 Qxb5
23.Bf1 Rd7 24.Bxd4 cxd4 25.Rdb1 Rda7 26.Qe1 Ra4 27.Rb2 Rxa2 28.Raxa2 Rxa2
29.Qb1 Rxb2 30.Qxb2 Qa4 31.Be2 b3 32.Bd1 bxc2 33.Bxc2 Qb4 34.Qxb4 Bxb4 35.Kf2 Kf8
36.h4 Ke7 37.Ba4 Bd2 38.Ke2 Bf4 39.h5 Kd6 40.Bb5 Bb3 41.Ba6 Kc5 42.Bc8 Kb4
43.Bd7 Kc3 44.Be6 Bc2 45.Bc4 Kb2 46.Bb5 Kc1 47.Ke1 Bd1 48.g5 Bxg5 49.Be8 Bh4+
50.Kf1 Kd2 51.h6 gxh6 52.Bg6 hxg6 53.fxg6 Bb3  0-1

[Event "BL2-W9899"]
[Site "Germany"]
[Date "1999.04.18"]
[Round "9.7"]
[White "Jackelen, Thomas"]
[Black "Van der Veen, Heinz"]
[Result "1-0"]
[WhiteElo "2355"]
[BlackElo "2255"]

1.Nf3 c5 2.c4 Nf6 3.Nc3 g6 4.d4 cxd4 5.Nxd4 Bg7 6.e4 d6 7.Be2 O-O 8.O-O Nc6
9.Be3 Bd7 10.Qd2 Nxd4 11.Bxd4 Bc6 12.f3 a5 13.b3 Nd7 14.Bf2 Nc5 15.Rab1 Qb6
16.a3 Qd8 17.Bd1 b6 18.b4 axb4 19.axb4 Nd7 20.Bb3 Ra3 21.Bd4 Bxd4+ 22.Qxd4 Qc7
23.Rfc1 Qb8 24.Qd2 Rc8 25.Kh1 Qa8 26.h3 Rc7 27.Qf4 Ne5 28.Qd2 Nd7 29.Kh2 Qb8
30.Qb2 Qa8 31.Ne2 Nf6 32.Rc3 Raa7 33.Rbc1 Qb8 34.Kg1 Rab7 35.Nf4 Kg7 36.h4 h6
37.Qf2 Kh7 38.c5 Bxe4 39.Bxf7 Bf5 40.g4 e5 41.gxf5 exf4 42.Bxg6+ Kg7 43.c6 Ra7
44.Re1 Re7 45.Rcc1 b5 46.Qd4 d5 47.Qc5 Rec7 48.Re6 Ra3 49.Rxf6 Kxf6 50.Qd4+ Ke7
51.Qe5+  1-0

[Event "Golden Cleopatra op 3rd"]
[Site "Cairo"]
[Date "1999.04.19"]
[Round "9"]
[White "Abdul Wahab, A Rasheed"]
[Black "Ezat, Mohamed"]
[Result "0-1"]
[WhiteElo "2326"]
[BlackElo "2270"]

1.c4 c5 2.Nf3 Nf6 3.Nc3 d5 4.cxd5 Nxd5 5.e4 Nc7 6.Bc4 Nc6 7.O-O e6 8.d3 Be7
9.Be3 O-O 10.d4 cxd4 11.Nxd4 Bd7 12.Qe2 Bf6 13.Nb3 Bxc3 14.bxc3 Ne5 15.Rfd1 Qc8
16.Bf4 Nxc4 17.Qxc4 Na6 18.Qd4 Bc6 19.Rd3 Rd8 20.Bd6 e5 21.Qxe5 Re8 22.Qg3 Bxe4
23.Rd4 Bg6 24.h4 Nb8 25.Bxb8 Rxb8 26.Rd5 h5 27.Nd4 Qc4 28.Ra5 a6 29.Rc1 Rbc8
30.Nf3 Qg4 31.Qxg4 hxg4 32.Nd4 Red8 33.Nb3 Rc4 34.Re5 Re4 35.Rxe4 Bxe4 36.Nd4 Rc8
37.Re1 Bd5 38.Nf5 Kf8 39.Re5 Bxa2 40.Nd6 Rb8 41.c4 Rd8 42.Nxb7 Rd1+ 43.Kh2 Bxc4
44.Kg3 Rd4 45.Rg5 Bb5 46.Nc5 Rc4 47.Nb7 Rc3+ 48.Kxg4 Bc6 49.Nc5 f6 50.Rf5 Kf7
51.h5 Bxg2 52.f3 Bxf3+ 53.Rxf3 Rxc5 54.Ra3 a5 55.Rb3 Rc4+ 56.Kg3 Rc7 57.Rb6 Ra7
58.Rb3 a4 59.Ra3 Ra5 60.Kg4 Kg8  0-1

[Event "St Quentin op"]
[Site "St Quentin"]
[Date "1999.04.19"]
[Round "3"]
[White "Royer, Sylvain"]
[Black "Licayan, Albert"]
[Result "1-0"]
[WhiteElo "2275"]
[BlackElo "2130"]

1.Nf3 c5 2.c4 Nf6 3.Nc3 e6 4.g3 b6 5.Bg2 Bb7 6.O-O d6 7.Re1 Nbd7 8.e4 Be7
9.d4 cxd4 10.Nxd4 O-O 11.e5 dxe5 12.Nxe6 fxe6 13.Bxb7 Rb8 14.Bg2 Qc7 15.b3 Rbd8
16.Qe2 Bb4 17.Bb2 Bc5 18.Rad1 Bxf2+ 19.Qxf2 Ng4 20.Nb5 Nxf2 21.Nxc7 Nxd1
22.Ba3 Nc5 23.Bxc5 bxc5 24.Nxe6 Rd2 25.Nxf8 Kxf8 26.Rxe5 Rxa2 27.Rxc5 Ke7
28.Bf3 Nf2 29.Re5+ Kf6 30.Re2 Rxe2 31.Bxe2 Ne4 32.b4 Ke5 33.Bd3 Nf6 34.Kf2 Kd4
35.Ke2 Ng4 36.c5 Ne5 37.Bb5 Kd5 38.Ke3 g5 39.h3 h5 40.Be2 h4 41.gxh4 gxh4
42.Kf4 Ke6 43.Kg5 Nc6 44.b5 Nd4 45.Bc4+ Ke5 46.Kxh4 Nf3+ 47.Kg4 Nd2 48.b6 axb6
49.cxb6 Kd6 50.b7 Kc7 51.Be6 Nf1 52.Kf4  1-0

[Event "St Quentin op"]
[Site "St Quentin"]
[Date "1999.04.23"]
[Round "7"]
[White "Bouton, Christophe"]
[Black "Pira, Davoud"]
[Result "0-1"]
[WhiteElo "2238"]
[BlackElo "2382"]

1.Nf3 c5 2.c4 e6 3.Nc3 Nf6 4.e4 Nc6 5.d4 cxd4 6.Nxd4 Bb4 7.Nxc6 dxc6 8.Qxd8+ Kxd8
9.Bd2 e5 10.f3 Be6 11.O-O-O Nd7 12.Be3 Bxc3 13.bxc3 Ke7 14.Be2 b6 15.Rd2 Rad8
16.Rhd1 c5 17.g3 f6 18.Rg1 Nb8 19.Rd5 Bxd5 20.cxd5 Kd6 21.c4 Nd7 22.Kd2 g6
23.Bd1 a6 24.Be2 Rhf8 25.f4 Ra8 26.a4 f5 27.Rb1 Rab8 28.exf5 gxf5 29.fxe5+ Nxe5
30.Bf4 b5 31.Bh5 Rb7 32.axb5 axb5 33.cxb5 Kxd5 34.Kc3 c4 35.b6 Re7 36.Be2 Kc5
37.Bc1 Ra8 38.Be3+ Kc6 39.Bg5 Rd7 40.Bxc4 Nxc4 41.Kxc4 Ra4+ 42.Kc3 Ra5 43.Re1 Kxb6
44.Re6+ Kb7 45.Bf4 Rc5+ 46.Kb4 Rc6 47.Re2 Rd4+ 48.Kb5 Rd5+ 49.Kb4 h5 50.Re7+ Ka6
51.Rh7 Rb5+ 52.Ka3 Rcb6  0-1

[Event "ISR-chT"]
[Site "Israel"]
[Date "1999.04.30"]
[Round "10"]
[White "Tsesarsky, Ilya"]
[Black "Manor, Ilan"]
[Result "1-0"]
[WhiteElo "2430"]
[BlackElo "2513"]

1.Nf3 Nf6 2.c4 e6 3.Nc3 c5 4.g3 d5 5.cxd5 exd5 6.d4 Nc6 7.Bg2 Be7 8.O-O O-O
9.dxc5 Bxc5 10.Bg5 d4 11.Bxf6 Qxf6 12.Nd5 Qd8 13.Nd2 Re8 14.Rc1 Bb6 15.Nc4 Bg4
16.Re1 h6 17.h3 Bf5 18.a3 Be4 19.Bxe4 Rxe4 20.Ndxb6 axb6 21.Qb3 Qd5 22.Nd2 Qxb3
23.Nxb3 Rae8 24.Kf1 f5 25.Rcd1 Rd8 26.Rd2 f4 27.g4 Re5 28.Red1 Red5 29.Rd3 h5
30.gxh5 Rxh5 31.Nxd4 Ne5 32.Ne6 Rxd3 33.exd3 f3 34.Nf4 Rh4 35.Re1 Nd7 36.Re7 Nc5
37.b4 Rxf4 38.bxc5 bxc5 39.Rxb7 Rd4 40.Rb3 c4 41.Rc3 cxd3 42.Ke1 Rh4 43.Rxd3 Rxh3
44.Kd2 Kf7 45.a4 g5 46.a5 g4 47.a6 Rh8 48.a7 Ke6 49.Ra3 Ra8 50.Ke3 Kd5 51.Kf4  1-0

[Event "Dubai op"]
[Site "Dubai"]
[Date "1999.05.01"]
[Round "1"]
[White "Sakaev, Konstantin"]
[Black "Ibrahimov, Rasul"]
[Result "1-0"]
[WhiteElo "2649"]
[BlackElo "2378"]

1.Nf3 Nf6 2.c4 e6 3.Nc3 c5 4.g3 b6 5.Bg2 Bb7 6.O-O Be7 7.Re1 Ne4 8.d4 Nxc3
9.bxc3 Be4 10.Bf1 Bxf3 11.exf3 Nc6 12.d5 Na5 13.f4 O-O 14.Qf3 Bf6 15.Bd2 g6
16.h4 h5 17.Rad1 Bg7 18.Re3 Qf6 19.Be2 Rfe8 20.Kg2 Rab8 21.Bd3 Nb7 22.dxe6 dxe6
23.f5 gxf5 24.Qxh5 Bh6 25.Bxf5 Nd6 26.Bd3 Bxe3 27.Qh7+ Kf8 28.Bxe3 Nf5 29.Bxf5  1-0

[Event "NED-ch U20 "]
[Site "Leiden"]
[Date "1999.05.07"]
[Round "5"]
[White "Janssen, Ruud"]
[Black "Willemze, Thomas"]
[Result "0-1"]
[WhiteElo "2445"]
[BlackElo "2249"]

1.Nf3 Nf6 2.c4 c5 3.Nc3 b6 4.g3 Bb7 5.Bg2 e6 6.O-O Be7 7.Re1 Ne4 8.Nxe4 Bxe4
9.d3 Bb7 10.e4 d6 11.d4 O-O 12.b3 cxd4 13.Nxd4 a6 14.Ba3 Qc7 15.Rc1 Nd7 16.Rc2 Rac8
17.Kh1 Rfd8 18.f4 Nc5 19.Rd2 Qb8 20.Bb2 Bf6 21.f5 e5 22.Nc2 b5 23.cxb5 Qa8
24.Nb4 axb5 25.Rde2 Rd7 26.h4 Bd8 27.Nd5 Bxd5 28.exd5 b4 29.Qb1 Qa6 30.Rd2 Ra7
31.Bc1 Rca8 32.Kh2 Qb7 33.Kh3 Qe7 34.Rf2 h6 35.Kh2 Qd7 36.Bh3 Qb7 37.Bg2 Ra5
38.Kh3 Qa6 39.Bf1 Qa7 40.Ree2 Bb6 41.Rh2 Nd7 42.Bd2 Rxa2 43.Bxb4 Ra1 44.Qd3 Bg1
45.Rh1 Rxf1 46.Rg2 Ra1 47.Bc3 Ra3 48.Rhxg1 Rxb3 49.Qc2 Qb7 50.Qd2 Nf6 51.Ba1 Raa3
52.Rc1 Rxg3+  0-1

[Event "NED-chT Playoff"]
[Site "Breda"]
[Date "1999.05.13"]
[Round "1"]
[White "Glek, Igor V"]
[Black "Van der Sterren, Paul"]
[Result "1/2-1/2"]
[WhiteElo "2566"]
[BlackElo "2535"]

1.c4 c5 2.Nf3 Nf6 3.Nc3 e6 4.e4 Nc6 5.Be2 d5 6.e5 Ne4 7.O-O Be7 8.Bd3 Nxc3
9.dxc3 dxc4 10.Bxc4 Qxd1 11.Rxd1 b6 12.Bd3 Bb7 13.Be4 Rd8 14.Bg5 f6 15.exf6 gxf6
16.Bf4 Kf7 17.Re1 Na5 18.Bxb7 Nxb7 19.Re2 Rhe8 20.Rae1 Bf8 21.g4 Bg7 22.g5 Rd5
23.gxf6 Bxf6 24.Bg3 Nd6 25.Bxd6 Rxd6 26.Re4 Rd5 27.Kf1 b5 28.a4 a6 29.axb5 axb5
30.Ra1 b4 31.cxb4 Bxb2 32.Rb1 Bf6 33.b5 Rb8 34.Rc4 Bd8 35.Ke2 Ba5 36.Ra4 Bb4
37.Ra7+ Kf6 38.Rxh7 Rxb5 39.Rh6+ Ke7 40.Rg1 Bc3 41.Rgg6 Rb6 42.Ng5 Rb2+ 43.Kf1 Rxg5
44.Rxg5 Bd4 45.Rgg6 Rxf2+ 46.Ke1 Kf7 47.Rg4 Ra2 48.h4 Rh2 49.h5 Be3 50.Rh8 Kf6
51.Rg6+ Kf5 52.Rf8+ Ke5 53.Re8 Kf5 54.Rgxe6 Bf4 55.Rc6 Rxh5 56.Rxc5+ Kg4
57.Rc4 Rh1+ 58.Kf2 Rh2+ 59.Kg1 Rh5 60.Ree4 Rf5 61.Kg2 Rf8 62.Re3 Kg5 63.Ra3 Rf6
64.Ra8 Kg4 65.Rg8+ Kf5 66.Kf3 Be5 67.Rcg4 Ke6+ 68.Ke4 Bd6 69.Re8+ Kd7 70.Ra8 Ke6
71.Ra6 Rh6 72.Rb6 Rf6 73.Rh4 Rg6 74.Ra6 Rf6 75.Rh5 Rf4+ 76.Ke3 Rf6 77.Rb5 Rf1
78.Rbb6 Rd1 79.Rb7 Kd5 80.Rh7 Bc5+ 81.Ke2 Rd4 82.Rh5+ Kc4 83.Ra4+ Bb4 84.Rh7 Kb3
85.Ra8  1/2-1/2

[Event "Capablanca mem Mixto"]
[Site "Havana"]
[Date "1999.05.15"]
[Round "8"]
[White "Alvarez, Jose"]
[Black "Pazos, Plinio"]
[Result "1/2-1/2"]
[WhiteElo "2368"]
[BlackElo "2366"]

1.Nf3 Nf6 2.c4 c5 3.Nc3 e6 4.g3 b6 5.Bg2 Bb7 6.O-O Be7 7.d4 cxd4 8.Qxd4 d6
9.Rd1 a6 10.b3 Nbd7 11.Ba3 Nc5 12.Ng5 Bxg2 13.Kxg2 Qc7 14.b4 Ncd7 15.Nce4  1/2-1/2

[Event "Zalakaros Kupa 18th"]
[Site "Zalakaros"]
[Date "1999.05.18"]
[Round "7"]
[White "Szuhanek, Ranko"]
[Black "Feher, Gyula"]
[Result "1/2-1/2"]
[WhiteElo "2397"]
[BlackElo "2403"]

1.Nf3 c5 2.c4 Nf6 3.Nc3 d5 4.cxd5 Nxd5 5.e4 Nb4 6.Bb5+ N8c6 7.d4 cxd4 8.a3 dxc3
9.Qxd8+ Kxd8 10.axb4 cxb2 11.Bxb2 f6 12.Bxc6 bxc6 13.e5 Ke8 14.O-O Kf7 15.Nd4 e6
16.Nxc6 Bd7 17.b5 Bc5 18.Rac1 Bb6 19.Rfd1 Bxc6 20.bxc6  1/2-1/2

[Event "Capablanca mem Premier I"]
[Site "Havana"]
[Date "1999.05.20"]
[Round "12"]
[White "Szekely, Peter"]
[Black "Matamoros Franco, Carlos S"]
[Result "1/2-1/2"]
[WhiteElo "2444"]
[BlackElo "2458"]

1.Nf3 c5 2.c4 Nf6 3.Nc3 e6 4.g3 b6 5.Bg2 Bb7 6.O-O Be7 7.b3 d6 8.Bb2 O-O
9.e3 a6 10.Qe2 Nbd7 11.d4 Ne4  1/2-1/2

[Event "BUL-ch"]
[Site "Plovdiv"]
[Date "1999.05.22"]
[Round "11"]
[White "Stojanov, Svetlin"]
[Black "Drenchev, Petar"]
[Result "1-0"]
[WhiteElo "2334"]
[BlackElo "2371"]

1.c4 c5 2.Nf3 Nf6 3.Nc3 d5 4.cxd5 Nxd5 5.d4 Nxc3 6.bxc3 e6 7.e4 cxd4 8.cxd4 Bb4+
9.Bd2 Bxd2+ 10.Qxd2 O-O 11.Bc4 Nc6 12.O-O b6 13.Rad1 Bb7 14.h4 Rc8 15.h5 Na5
16.Bd3 h6 17.Qf4 Qf6 18.Qg4 Rc3 19.Rfe1 Nc4 20.Rc1 Rxd3 21.Rxc4 Qd8 22.Rec1 b5
23.Rc5 Qa8 24.Rc7 Bxe4 25.Ne5 Rxd4 26.Nxf7  1-0

[Event "Ostrava zt (Women)"]
[Site "Ostrava"]
[Date "1999.05.26"]
[Round "5"]
[White "Radziewicz, Iweta"]
[Black "Lakos, Nikoletta"]
[Result "0-1"]
[WhiteElo "2384"]
[BlackElo "2350"]

1.Nf3 Nf6 2.c4 e6 3.Nc3 c5 4.d4 b6 5.e4 cxd4 6.Nxd4 d6 7.Be3 Bb7 8.f3 Be7
9.Be2 O-O 10.O-O Nbd7 11.a4 Ne5 12.a5 bxa5 13.Qa4 d5 14.cxd5 exd5 15.Rfd1 Bb4
16.Nb3 Qe7 17.Nxa5 dxe4 18.f4 Nf3+ 19.gxf3 exf3 20.Rd3 fxe2 21.Nxb7 Qxb7
22.Nxe2 Rfe8 23.Nd4 Ng4 24.Qc6 Qb8 25.Nf5 g6 26.h3 Nxe3 27.Rxe3 Rxe3 28.Nxe3 Qe8
29.Qf3 Bc5 30.Kg2 Bxe3 31.Re1 Rb8 32.Rxe3 Rxb2+ 33.Kg3 Qb8 34.Qd5 Rb4 35.Rf3 h6
36.h4 Rb5 37.Qd7 Rb7 38.Qg4 Rb5 39.h5 Rxh5 40.Rc3 Qb2  0-1

[Event "CCA ChessWise op"]
[Site "Stratton Mountain"]
[Date "1999.06.11"]
[Round "1"]
[White "Gulko, Boris F"]
[Black "Shapiro, Daniel E"]
[Result "1-0"]
[WhiteElo "2620"]
[BlackElo "2278"]

1.c4 c5 2.Nf3 Nf6 3.Nc3 b6 4.e4 d6 5.d4 cxd4 6.Nxd4 Bb7 7.f3 Nbd7 8.Be2 e6
9.O-O a6 10.Be3 Be7 11.a4 O-O 12.a5 Qc7 13.Nb3 Rab8 14.axb6 Nxb6 15.Na5 Ba8
16.Qd2 Rfd8 17.Rfc1 Nbd7 18.Nd5 exd5 19.cxd5 Nc5 20.b4 Nfd7 21.bxc5 Nxc5
22.Bxa6 Bf6 23.Bd4 Bxd4+ 24.Qxd4 Rb6 25.Bf1 f6 26.Nc4 Rb4 27.Qc3 Rb3 28.Qd4 Qb8
29.Nxd6 Rxd6 30.Rxa8  1-0

[Event "Beersheba-Peterburg Kings m"]
[Site "St Petersburg"]
[Date "1999.06.12"]
[Round "7"]
[White "Greenfeld, Alon"]
[Black "Yemelin, Vasily"]
[Result "1-0"]
[WhiteElo "2521"]
[BlackElo "2550"]

1.c4 Nf6 2.Nc3 c5 3.Nf3 e6 4.g3 b6 5.Bg2 Bb7 6.O-O d5 7.cxd5 Nxd5 8.Nxd5 exd5
9.d4 Be7 10.dxc5 Bxc5 11.Bg5 f6 12.Bf4 Na6 13.Nd4 Qd7 14.a3 Bxd4 15.Qxd4 Nc5
16.Rad1 Rd8 17.Qe3+ Kf7 18.b4 Rhe8 19.Qf3 Ne6 20.Be3 Kg8 21.Rd2 Re7 22.Rfd1 Qa4
23.Qg4 Nc7 24.Bd4 Bc8 25.Qf3 Ba6 26.Rc1 Ne6 27.Bb2 Ng5 28.Qf5 Bxe2 29.Bxd5+ Kf8
30.Bxf6 gxf6 31.Qxf6+ Nf7 32.Bxf7  1-0

[Event "Voronezh op 3rd"]
[Site "Voronezh"]
[Date "1999.06.13"]
[Round "2"]
[White "Pogorelov, Ruslan"]
[Black "Petukhov, D."]
[Result "1-0"]
[WhiteElo "2507"]
[BlackElo "2086"]

1.Nf3 c5 2.c4 Nf6 3.Nc3 b6 4.d4 cxd4 5.Nxd4 Bb7 6.f3 d6 7.e4 e6 8.Be2 Be7
9.O-O O-O 10.Be3 a6 11.Qd2 Qc7 12.Rfc1 Nbd7 13.a4 Rfd8 14.a5 bxa5 15.Nb3 Rab8
16.Nxa5 Ba8 17.Nd5 exd5 18.cxd5 Nc5 19.b4 Ncxe4 20.fxe4 Qd7 21.Nc6 Bxc6 22.dxc6 Qc7
23.Rxa6 Nxe4 24.Qd4 Re8 25.Ra7 Qc8 26.c7 Bf6 27.Qd5  1-0

[Event "CCA ChessWise op"]
[Site "Stratton Mountain"]
[Date "1999.06.15"]
[Round "7"]
[White "Gulko, Boris F"]
[Black "Hummel, Patrick"]
[Result "1-0"]
[WhiteElo "2620"]
[BlackElo "2270"]

1.c4 c5 2.Nf3 Nf6 3.Nc3 b6 4.e4 d6 5.d4 cxd4 6.Nxd4 Bb7 7.Bd3 e6 8.O-O Be7
9.b3 O-O 10.Bb2 Nbd7 11.Qe2 a6 12.Rae1 Qc7 13.Kh1 Rac8 14.f4 Qb8 15.e5 Ne8
16.Nd5 exd5 17.Bxh7+ Kxh7 18.Qh5+ Kg8 19.Nf5 Bd8 20.Re3 Nc5 21.Rh3 f6 22.Qg6  1-0

[Event "Haarlem AKN op 8th"]
[Site "Haarlem"]
[Date "1999.07.02"]
[Round "2"]
[White "Janssen, Ruud"]
[Black "De Vilder, Hans"]
[Result "1-0"]
[WhiteElo "2448"]
[BlackElo "2153"]

1.Nf3 c5 2.c4 Nf6 3.Nc3 d5 4.cxd5 Nxd5 5.d4 cxd4 6.Qxd4 Nxc3 7.Qxc3 Nc6 8.e4 e6
9.Bb5 Bd7 10.O-O Qb6 11.Ba4 Qb4 12.Qc2 Qc5 13.Qe2 Qb4 14.Bb3 Bc5 15.Rd1 Rd8
16.Bf4 Nd4 17.Nxd4 Bxd4 18.Bg5 Rc8 19.Qd3 e5 20.Qg3 f6 21.Be3 Bxe3 22.Qxg7  1-0

[Event "Swidnica op"]
[Site "Swidnica"]
[Date "1999.07.02"]
[Round "5"]
[White "Filippov, Valerij"]
[Black "Simantsev, Mikhail"]
[Result "1-0"]
[WhiteElo "2574"]
[BlackElo "2409"]

1.Nf3 c5 2.c4 Nf6 3.Nc3 e6 4.g3 b6 5.Bg2 Bb7 6.O-O Be7 7.Re1 d5 8.cxd5 Nxd5
9.e4 Nxc3 10.bxc3 O-O 11.d4 Nd7 12.Bf4 Nf6 13.Ne5 Rc8 14.Re3 cxd4 15.cxd4 Bb4
16.a3 Ba5 17.Bg5 Bc3 18.Rxc3 Rxc3 19.Ng4 h5 20.Nxf6+ gxf6 21.Bh6 f5 22.Qxh5 Re8
23.exf5 exf5 24.Bxb7 Qxd4 25.Rd1 Qg4 26.Qxg4+ fxg4 27.a4 Re7 28.Bd5 Ra3 29.Rd4 Rd7
30.Kg2 Kh8 31.Bc1 Rc3 32.Bb2 Rc2 33.Be4  1-0